Washington DC Suburbs - Statistics

General Stats
  • This quiz has been taken 366 times
    337 since last reset
  • The average score is 12 of 30
Answer Stats
Answer % Correct
Arlington (VA)
93%
Alexandria (VA)
92%
Bethesda (MD)
86%
Silver Spring (MD)
79%
Fairfax (VA)
76%
Rockville (MD)
67%
Chevy Chase (MD)
58%
McLean (VA)
58%
Falls Church (VA)
57%
Gaithersburg (MD)
54%
College Park (MD)
53%
Potomac (MD)
53%
Springfield (VA)
44%
Reston (VA)
42%
Hyattsville (MD)
38%
Bowie (MD)
36%
Wheaton (MD)
32%
Annandale (VA)
30%
Greenbelt (MD)
27%
North Bethesda (MD)
24%
Largo (MD)
23%
Laurel (MD)
23%
Landover (MD)
21%
New Carrollton (MD)
18%
Olney (MD)
17%
Rosslyn (VA)
13%
Lorton (VA)
11%
Clinton (MD)
8%
Capital Heights (MD)
3%
Aspen Hill (MD)
0%
No matching quizzes found
Score Distribution
Percent of People with Each Score
Percentile by Number Answered
Your Score History
You have not taken this quiz since the last reset